Statistics for Animals on Coat of Arms

Click here to take the quiz!

General Stats

  • This quiz has been taken 8 times
  • The average score is 1 of 10

Answer Stats

HintAnswer% Correct
United StatesBald Eagle
100%
ChinaGolden Pheasant, Dragon
13%
PanamaHarpy Eagle
0%
KeralaIndian Elephant
0%
Mato Grosso Do SolJaguar
0%
OntarioMoose, White Tailed Deer, American Black Bear
0%
BotswanaPlains Zebra, Ankole Watusi
0%
AustraliaRed Kangaroo, Emu
0%
British ColumbiaRocky Mountain Elk, Bighorn Sheep
0%
Kwazulu NatalSouth African Lion, Black Wildebeest
0%

Score Distribution

Percentile by Number Answered

Percent of People with Each Score

Your Score History

You have not taken this quiz